|
|
|
|
| LEADER |
00654nab a2200169 i 4500 |
| 001 |
misc13973 |
| 005 |
20191106140846.0 |
| 008 |
170607s2001 hu o 0|| hun d |
| 022 |
|
|
|a 0025-0260
|
| 040 |
|
|
|a SZTE Miscellanea Repozitórium
|b hun
|
| 041 |
|
|
|a hun
|
| 245 |
0 |
0 |
|a Beszámoló az I. Neveléstudományi Konferenciáról
|h [elektronikus dokumentum]
|
| 260 |
|
|
|c 2001
|
| 300 |
|
|
|a 539-540
|
| 490 |
0 |
|
|a Magyar pedagógia : a Magyar Tudományos Akadémia Pedagógiai Bizottságának folyóirata
|v 101 No. 4
|
| 710 |
|
|
|a Neveléstudományi Konferencia, 1., 2001, Budapest
|
| 856 |
4 |
0 |
|u http://misc.bibl.u-szeged.hu/13973/1/mp_2001_004_539-540.pdf
|z Dokumentum-elérés
|